000 00356nam a2200157Ia 4500
008 230524s9999 xx 000 0 und d
082 _a537
_bLAU
100 _aB.B.Laud
245 0 _aElectromagnetics
250 _a1ST
260 _aNEW DELHI
_bNew Age
_c2006
300 _aXIII;331
500 _aQuantity Number: 2
650 _aPhysics
942 _cBK
999 _c37305
_d37305